000 00600nam a2200229 i 4500
001 C2-0297577
003 PPAK
005 20180728075800.0
008 090519s1981 ii |||| ||||| | tam d
040 _aPPAK
_beng
_cPPAK
_erda
082 0 4 _a894.8111
_223
090 0 0 _a894.8111
_bVEG
_dG
100 1 _aVegkatasamy, N.M.,
_eauthor
245 1 0 _aMoothurai
264 1 _aChennai, India :
_bKalaga Veliyeedu ,
_c1981
300 _a24 pages ;
_c20 cm
336 _2rdacontent
_atext
337 _2rdamedia
_aunmediated
338 _2rdacarrier
_avolume
650 1 0 _aTamil poetry
942 _ddc
_cB
999 _c101947
_d101947